Top 10 des pays produisant le plus de voiture - Statistiques

Statistiques générales
  • Ce quiz a été pris 576 fois
  • Le résultat moyen est 9 sur 10
Statistiques - réponses
Pays Production par an % Correct
4 Allemagne 4.7 M
98%
10 France 2.2 M
98%
1 Chine 25.7 M
97%
2 Etats-Unis 10.9 M
97%
3 Japon 9.7 M
96%
9 Espagne 2.8 M
83%
5 Inde 4.5 M
76%
8 Brésil 2.9 M
72%
7 Corée du Sud 4.0 M
69%
6 Mexique 4.0 M
64%
Aucun quiz correspondant
Distribution des résultats
% des personnes avec chaque résultat
Percentile par nombre de réponses
Votre historique - résultats
Vous n’avez pas pris ce quiz